=LDR 00000nam 2200000 4500 =001 NUTBA000000000004222 =005 20140905102853.0 =006 =007 =008 =035 ##$$a 0010-091400000000255 =040 ##$$a NBPDMAT =082 ##$$a 372.35 =084 ##$$a 372.35 Ram r =245 ##$$a RAMA(Rajin dan Mandiri) Buku Pengayaan Ilmu Pengetahuan Alam untuk SD kelas 5 semester genap / $c editor, Dra Ida Ayu Kt. Sri Astuti =250 ##$$a Cet. 1 =260 ##$$a Bali : $b Dwi Jaya Mandiri, $c 2010 =300 ##$$a 56 hlm. : $b ilus. ; $c 27 cm. =650 ##$$a SAINS SD =990 ##$$a 21410897 =990 ##$$a 0001/BPAP-NTB/20142014 =990 ##$$a 0001/BPAP-NTB/20142014 =990 ##$$a 0001/BPAP-NTB/20142014 =990 ##$$a 0001/BPAP-NTB/20142014 =990 ##$$a 0001/BPAP-NTB/20142014